| 000 | 00714cam a22002537a 4500 | ||
|---|---|---|---|
| 003 | CHAP | ||
| 005 | 20220329134210.0 | ||
| 008 | 971013s1961 r 00010 d | ||
| 010 | _a16855 | ||
| 011 | _a17827 | ||
| 035 | _a21911 | ||
| 040 | _cCHAP | ||
| 090 | _aFolleto 211 | ||
| 100 | 0 | 0 |
_aHuet, J. _956732 |
| 245 | 1 | 3 | _aLa sélection clonale de la variété Rouge du Roussillon |
| 260 |
_aPerpignan : _bJournées Nationales de l'Abriocotier, _c1961 |
||
| 300 | _a(s.p.) | ||
| 590 |
_aBATCH-UPD _b10 _c20130110 _lUCH01 _h2246 |
||
| 590 |
_aCONVERSION _b10 _c20130109 _lUCH01 _h1310 |
||
| 650 | 1 | 4 |
_aChabacano. _921669 |
| 901 | _aBK | ||
| 942 | _cFOLL | ||
| 949 |
_aFolleto 211 _bBC _cFOLL _d-50955 _eTS1 _i21911 _si |
||
| 999 |
_c16855 _d16855 |
||